Statistics for Category Elimination - Asian Geography #3

Click here to take the quiz!

General Stats

  • This quiz has been taken 45,732 times
  • The average score is 16 of 20

Answer Stats

Group#Category% Correct
Green48Countries of Asia
100%
Green29... with an area of more than 100,000 km²
100%
Green9... which is landlocked
98%
Orange48Capital Cities of Asia
94%
Green5... whose population is smaller than 10 million
93%
Blue48Countries of Asia (by Flag)
91%
Blue16... which have blue on them
89%
Purple96Countries or Capitals of Asia
87%
Purple23... with at least 25 million people
86%
Purple19... which are only one word
86%
Green1... with less than 10 people per km²Mongolia
85%
Orange7... which are more than one word
82%
Purple7... which contain the letter T
80%
Blue3... which don't have red on them
73%
Orange4... containing the letter U
66%
Blue2... which don't have green on them
62%
Purple1... and which are east of Hong KongTokyo
59%
Blue1... and doesn't have a stripeKazakhstan
49%
Orange2... with fewer than 2.5 million people
47%
Orange1... and which starts and ends in a vowelAbu Dhabi
37%

Score Distribution

Percentile by Number Answered

Percent of People with Each Score

Your Score History

You have not taken this quiz